| 000 | 01161aam a2200313 i 4500 | ||
|---|---|---|---|
| 001 | 768714001 | ||
| 003 | CO-MdFUSB | ||
| 005 | 20220205093332.0 | ||
| 007 | ta | ||
| 008 | 220205t1998 -us |||| |||| 00| 0 eng d | ||
| 020 | _a091603593X | ||
| 040 |
_bspa. _aCO-MdFUSB _cCO-MdFUSB _dCO-MdFUSBC _erda |
||
| 041 | _aeng | ||
| 082 | 0 | 4 |
_a248.6 _223 _bK556d |
| 100 | 1 |
_aKinlaw, Dennis F. (1922-) _eautor |
|
| 245 | 1 | 4 |
_aThe mind of Christ _c/ Dennis F. Kinlaw |
| 264 | 1 |
_aNappanee, IN., USA : Francis Asbury _bFrancis Asbury Publishing, _c[1998] |
|
| 264 | 4 | _c© 1998 | |
| 300 |
_a141 páginas _c; 22 cm |
||
| 336 |
_atexto _btxt _2rdacontent |
||
| 337 |
_2rdamedia _asin mediación _bn |
||
| 338 |
_2rdacarrier _avolumen _bnc |
||
| 505 | _aEl tema olvidado. -- ¿Hacer el bien o ser justo? 23 -- Comprensión de quién es Cristo. -- Comprensión de quiénes somos. -- La mente carnal versus la mente de Cristo. -- Del término medio al más alto. -- "Mira No para sus propios intereses" -- Por qué necesitamos la mente de Cristo. | ||
| 563 | _aRústico | ||
| 650 | 0 |
_aVida cristiana _919 |
|
| 942 | _cBK | ||
| 945 | _aJTF-925 | ||
| 999 |
_c35864 _d35864 |
||